000 00305nam a2200145Ia 4500
100 _aMani subramanian
942 _cBK
654 _anetwork management
245 _aNetwork Management
260 _bPearson Education
_c2000
082 _a4.6
_bMAN
300 _a644
546 _aENGLISH
999 _c25093
_d25093